000 01015nam0a2200301 i 4500
001 RU\NLR\BIBL_A\011202403
005 20241105072647.0
010 _a9785996608300
_910000
021 _aRU
_b2016-61970
_93937
035 _a(NLR Aleph) 011202403
090 _a11930435
_c11930435
100 _a20160829d2016 u y0rusy50 ca
101 0 _arus
102 _aRU
105 _ay|||g|||000yy
200 1 _aИстория
_e9-11 классы
_eкарманный справочник
_fР. В. Пазин
205 _aИзд. 5-е, доп.
210 _aРостов-на-Дону
_cЛегион
_d2016
215 _a333 с.
_d7х8
225 1 _aЕГЭ
320 _aБиблиогр.: с. 329-333 (16 назв.)
607 _aРоссия
_jСправочники для школьников
_xИстория
_91554184
_3RU\NLR\AUTH\66979780
686 1 _aТ3(2)я21
700 1 _aПазин
_bР. В.
_gРоман Викторович
942 _cBOOK
980 _aNBR